| 000 | 00517nam a22001697a 4500 | ||
|---|---|---|---|
| 008 | 150608b xxu||||| |||| 00| 0 eng d | ||
| 020 | _a9780071636094 | ||
| 041 | 0 | _aeng | |
| 080 | _a658.85 | ||
| 100 | 1 | _aBacal, Robert. | |
| 245 | 1 | 4 |
_aThe complete book of perfect phrases for high performing sales professionals / _cby Robert Bacal and William T. Brooks. |
| 260 |
_aNew York : _bMcGraw-Hill, _cc2010. |
||
| 300 |
_a719 f. ; _c21 cm. |
||
| 650 | 0 | _aShitje | |
| 700 | 1 |
_aBrooks, William T., _d1945- |
|
| 942 |
_2udc _cBK |
||
| 999 |
_c1002 _d1002 |
||